[Event "Buenos Aires CAA Invierno op"]
[Site "?"]
[Date "2000.??.??"]
[Round "4"]
[White "Alonso Salvador"]
[Black "Paglilla Carlos"]
[Result "1-0"]
[WhiteElo "2413"]
[BlackElo "2389"]
[PlyCount "77"]
[EventDate "2000.??.??"]
[Source "www.chesslib.no"]
[SourceDate "2004.05.04"]

1. e4 c5 2. Nf3 Nc6 3. d4 cxd4 4. Nxd4 d5 5. Nxc6 bxc6 6. exd5 Qxd5 7. Bd2 Qe5+ 8. Be2 Ba6 9. Nc3 Bxe2 10. Qxe2 Qxe2+ 11. Nxe2 e5 12. O-O-O Nf6 13. Ng3 O-O-O 14. Be3 Rxd1+ 15. Rxd1 a6 16. c4 Nd7 17. Kc2 g6 18. Ne4 Kc7 19. Ng5 f5 20. Ne6+ Kc8 21. f3 Be7 22. Bg5 Re8 23. Bxe7 Rxe7 24. Rd6 Kb7 25. c5 e4 26. Nd8+ Kc7 27. Ne6+ Kb8 28. fxe4 fxe4 29. Nd4 Rf7 30. b4 Rf2+ 31. Kb3 Nf6 32. Nxc6+ Kc7 33. Nd4 e3 34. Rxa6 Ne4 35. Re6 Nd2+ 36. Kc3 Nf1 37. b5 Rxg2 38. b6+ Kb7 39. Re7+ 1-0

[Event "IM"]
[Site "Saint-Lo"]
[Date "2004.07.13"]
[Round "6"]
[White "Dourerassou, Jonathan"]
[Black "Bojkov, Dejan"]
[Result "1/2-1/2"]
[WhiteElo "2348"]
[BlackElo "2453"]
[PlyCount "91"]
[EventDate "2004.07.08"]
[Source "Roberto Alvarez"]
[SourceDate "2004.08.17"]

1. e4 c5 2. Nf3 Nc6 3. d4 cxd4 4. Nxd4 d5 5. Bb5 dxe4 6. Nxc6 Qxd1+ 7. Kxd1 a6 8. Ba4 Bd7 9. Nc3 Bxc6 10. Bxc6+ bxc6 11. Nxe4 e5 12. c3 f5 13. Ng5 Bd6 14. Re1 Nf6 15. Bf4 O-O-O 16. Bd2 Rd7 17. Kc2 Re8 18. Nf3 c5 19. Bg5 Ne4 20. Re2 h6 21. Bd2 g5 22. Rae1 Bc7 23. Rxe4 fxe4 24. Rxe4 Kb7 25. h4 gxh4 26. Nxh4 h5 27. Be3 Rg8 28. Bxc5 Rg4 29. Rxg4 hxg4 30. Nf5 e4 31. Bd4 Bb6 32. Bxb6 Kxb6 33. Ne3 Rf7 34. Nxg4 Rf4 35. f3 exf3 36. gxf3 Rxf3 37. Ne5 Rf5 38. Nd3 Rh5 39. c4 Rh4 40. Kc3 a5 41. b3 Rh3 42. a3 Rg3 43. Kc2 Rg2+ 44. Kb1 Rd2 45. Nb2 Kc5 46. Na4+ 1/2-1/2

[Event "First Saturday GM - Agosto 2007"]
[Site "Budapest UNG"]
[Date "2007.08.12"]
[Round "7"]
[White "Papp, Gellert"]
[Black "Szabolcsi, Janos"]
[Result "0-1"]
[WhiteElo "2425"]
[BlackElo "2376"]
[PlyCount "88"]
[EventDate "2007.08.06"]
[Source "www.chesslib.no"]
[SourceDate "2004.05.04"]

1. e4 c5 2. Nf3 Nc6 3. d4 cxd4 4. Nxd4 d5 5. exd5 Qxd5 6. Be3 e6 7. Nc3 Bb4 8. Qd2 Qa5 9. Nb3 Qc7 10. a3 Be7 11. Nb5 Qb8 12. O-O-O Nf6 13. Nd6+ Bxd6 14. Qxd6 Qxd6 15. Rxd6 O-O 16. Bb5 Ne7 17. Rdd1 b6 18. Bf4 Nfd5 19. Bd6 Bb7 20. Nd4 Rfd8 21. Bg3 Rac8 22. Rhe1 Ng6 23. f3 h5 24. h4 Ndf4 25. Bf1 Bd5 26. Nb5 Rd7 27. Bf2 Nf8 28. Kb1 Rcd8 29. Rd4 e5 30. Rdd1 Bc6 31. Rxd7 Rxd7 32. Kc1 Nxg2 33. Bxg2 Bxb5 34. Rxe5 Bc6 35. Rxh5 Ne6 36. Be3 Nd4 37. Bh3 Ne2+ 38. Kb1 Re7 39. Bd2 f6 40. Bf1 g6 41. Rh6 Kg7 42. h5 gxh5 43. Bb4 Re6 44. Rxh5 Ng3 0-1

[Event "New England Masters"]
[Site "Peabody USA"]
[Date "2007.08.17"]
[Round "8"]
[White "Friedel, J."]
[Black "Rizzitano, J."]
[Result "1-0"]
[WhiteElo "2472"]
[BlackElo "2328"]
[PlyCount "115"]
[EventDate "2007.08.13"]
[Source "www.chesslib.no"]
[SourceDate "2004.05.04"]

1. e4 c5 2. Nf3 Nc6 3. d4 cxd4 4. Nxd4 d5 5. exd5 Qxd5 6. Be3 e6 7. Nc3 Bb4 8. Ndb5 Qe5 9. a3 Be7 10. Be2 a6 11. Nd4 Bd7 12. Bf3 Qc7 13. Nxc6 Bxc6 14. Qd4 Bxf3 15. gxf3 Bf6 16. Qa4+ Qd7 17. Qxd7+ Kxd7 18. O-O-O+ Kc6 19. Ne4 Rd8 20. Rxd8 Bxd8 21. Rg1 g6 22. Bd4 f6 23. Ng5 Nh6 24. Nxe6 Be7 25. Re1 Nf5 26. Bc3 Rg8 27. h3 Kd7 28. Nf4 Rc8 29. Nd5 Rc6 30. Re4 Bd8 31. Bb4 b5 32. Bf8 Rc8 33. b4 Rc6 34. Kd2 Nd6 35. Rd4 Nc4+ 36. Kd3 Ke8 37. Bc5 Nxa3 38. Ne3 f5 39. Rd5 Bc7 40. c4 f4 41. cxb5 axb5 42. Nd1 Re6 43. Nc3 Re1 44. Bd4 Rh1 45. Nxb5 Nxb5 46. Rxb5 Rxh3 47. Ke4 Rh1 48. Rb7 Kd8 49. Kd5 Rd1 50. Kc5 Kc8 51. Kc6 Bd8 52. Bc5 h5 53. Ra7 Kb8 54. Rh7 Re1 55. b5 Re8 56. Bd6+ Ka8 57. b6 Bxb6 58. Kxb6 1-0

[Event "Bulgaria"]
[Site "Bulgaria"]
[Date "1988.??.??"]
[Round "?"]
[White "Tosic, Miroslav"]
[Black "Dimitrov, Vladimir"]
[Result "1-0"]
[WhiteElo "2405"]
[BlackElo "2380"]
[PlyCount "39"]
[EventDate "1988.??.??"]
[Source "www.chesslib.no"]
[SourceDate "2004.05.04"]

1. e4 c5 2. Nf3 Nc6 3. d4 cxd4 4. Nxd4 d5 5. exd5 Qxd5 6. Be3 Nxd4 7. Qxd4 Qxd4 8. Bxd4 Bd7 9. Nc3 a6 10. Nd5 Rc8 11. Nb6 Rc6 12. Nxd7 Kxd7 13. O-O-O Kc8 14. g3 Nf6 15. Bg2 Rd6 16. Rd3 Rd7 17. Rhd1 e6 18. Rc3+ Kb8 19. Be5+ Ka7 20. Rc8 1-0

[Event "VII Memorial Pablo Gorbea"]
[Site "Madrid"]
[Date "2003.09.07"]
[Round "7"]
[White "Abreu, Aryam"]
[Black "San Emeterio Cabanes, Jose Luis"]
[Result "1/2-1/2"]
[WhiteElo "2444"]
[BlackElo "2337"]
[PlyCount "60"]
[EventDate "2003.09.01"]
[Source "Roberto Alvarez"]
[SourceDate "2003.09.15"]

1. e4 c5 2. Nf3 Nc6 3. d4 cxd4 4. Nxd4 d5 5. Bb5 dxe4 6. Nxc6 Qxd1+ 7. Kxd1 a6 8. Ba4 Bd7 9. Nc3 Bxc6 10. Bxc6+ bxc6 11. Nxe4 e5 12. c3 f5 13. Ng5 h6 14. Ne6 Kf7 15. Nxf8 Rxf8 16. Kc2 f4 17. f3 Nf6 18. c4 g5 19. b3 Re8 20. Re1 Re6 21. Bb2 Rhe8 22. Rad1 h5 23. h3 g4 24. hxg4 hxg4 25. b4 Kg6 26. a4 Kf5 27. Kb3 Rg8 28. b5 cxb5 29. cxb5 axb5 30. axb5 gxf3 1/2-1/2

[Event "Ramat Hasharon"]
[Site "Ramat Hasharon"]
[Date "1992.??.??"]
[Round "6"]
[White "Liss, Eran"]
[Black "Szabolcsi, Janos"]
[Result "1/2-1/2"]
[WhiteElo "2345"]
[BlackElo "2415"]
[PlyCount "84"]
[EventDate "1992.??.??"]
[Source "www.chesslib.no"]
[SourceDate "2004.05.04"]

1. e4 c5 2. Nf3 Nc6 3. d4 cxd4 4. Nxd4 d5 5. Bb5 dxe4 6. Nxc6 Qxd1+ 7. Kxd1 a6 8. Ba4 Bd7 9. Nc3 Bxc6 10. Bxc6+ bxc6 11. Nxe4 e5 12. Re1 h6 13. f4 O-O-O+ 14. Ke2 exf4 15. Bxf4 f5 16. Ng3 g6 17. Rad1 Rh7 18. Rxd8+ Kxd8 19. Kf3 Re7 20. Rxe7 Nxe7 21. c4 Bg7 22. b4 Nc8 23. Ke2 Nb6 24. Kd3 Na4 25. Kc2 h5 26. Ne2 Nb2 27. Kb3 Nd3 28. Bg5+ Kd7 29. Nf4 Ne1 30. Bh4 Bh6 31. Bxe1 Bxf4 32. g3 Be3 33. Kc2 f4 34. gxf4 Bxf4 35. h3 Ke6 36. Kd3 Kf5 37. a4 Bc7 38. b5 axb5 39. cxb5 cxb5 40. axb5 Kf4 41. Ke2 g5 42. Kf2 g4 1/2-1/2

[Event "HUN-chT 9899"]
[Site "?"]
[Date "1998.??.??"]
[Round "?"]
[White "Toth Andras"]
[Black "Szabolcsi Janos"]
[Result "0-1"]
[WhiteElo "2330"]
[BlackElo "2425"]
[PlyCount "138"]
[EventDate "1998.??.??"]
[Source "www.chesslib.no"]
[SourceDate "2004.05.04"]

1. e4 c5 2. Nf3 Nc6 3. d4 cxd4 4. Nxd4 d5 5. exd5 Qxd5 6. Be3 e6 7. Nc3 Bb4 8. Be2 Nf6 9. Bf3 Qc4 10. Nxc6 bxc6 11. Qd4 Qxd4 12. Bxd4 Bb7 13. a3 Ba5 14. O-O-O Bb6 15. Na4 Bxd4 16. Rxd4 Nd7 17. Rhd1 O-O-O 18. b4 Kc7 19. c4 e5 20. Rd6 f5 21. Kc2 Rhe8 22. g3 e4 23. Bg2 Ne5 24. Rxd8 Rxd8 25. Rxd8 Kxd8 26. Nc5 Bc8 27. Kc3 Ng4 28. f3 exf3 29. Bxf3 Nxh2 30. Bxc6 Nf1 31. a4 Nxg3 32. a5 h5 33. b5 Kc7 34. Bd5 h4 35. Na4 Bb7 36. b6+ axb6 37. axb6+ Kb8 38. Bxb7 Kxb7 39. Kb4 Kc6 40. Ka5 h3 41. Ka6 h2 42. b7 h1=Q 43. b8=Q Qa1 44. Qb7+ Kd6 45. c5+ Ke6 46. Qb3+ Ke7 47. c6 Ne4 48. Qb4+ Nd6 49. Kb6 Qg1+ 50. Nc5 g5 51. Kc7 Ne8+ 52. Kc8 Qg2 53. Ne4+ Ke6 54. Nc5+ Kd5 55. Nd3 Qh2 56. Qc5+ Ke6 57. Qc4+ Ke7 58. Qb4+ Qd6 59. Qb7+ Kf6 60. Qd7 Qe7 61. Qd4+ Kg6 62. Ne5+ Kh6 63. Nd7 g4 64. Qh8+ Kg5 65. Qg8+ Kf4 66. Qc4+ Qe4 67. Qxe4+ fxe4 68. Nb6 Nd6+ 69. Kd7 Nb5 0-1

[Event "Paks op"]
[Site "?"]
[Date "1998.??.??"]
[Round "?"]
[White "Molnar Bela"]
[Black "Szabolcsi Janos"]
[Result "0-1"]
[WhiteElo "2365"]
[BlackElo "2390"]
[PlyCount "60"]
[EventDate "1998.??.??"]
[Source "www.chesslib.no"]
[SourceDate "2004.05.04"]

1. e4 c5 2. Nf3 Nc6 3. d4 cxd4 4. Nxd4 d5 5. exd5 Qxd5 6. Be3 e6 7. Nc3 Bb4 8. Ndb5 Qe5 9. a3 Be7 10. Be2 a6 11. Nd4 Bd7 12. Qd2 Nf6 13. f4 Qc7 14. Bf3 Rc8 15. Nb3 b5 16. Rd1 O-O 17. g4 Rfd8 18. Qf2 Be8 19. Rxd8 Nxd8 20. O-O Bxa3 21. Bb6 Qe7 22. bxa3 Rxc3 23. Bc5 Qc7 24. Bb6 Qc8 25. Qd4 Nd7 26. Bxd8 Rc4 27. Qd2 Qxd8 28. Na5 Qb6+ 29. Kh1 Rd4 30. Qe3 Ra4 0-1

[Event "HUN-ch U16"]
[Site "?"]
[Date "2000.04.16"]
[Round "3"]
[White "Berkes Ferenc"]
[Black "Jakab Attila"]
[Result "1-0"]
[WhiteElo "2398"]
[BlackElo "2354"]
[PlyCount "71"]
[EventDate "2000.??.??"]
[Source "www.chesslib.no"]
[SourceDate "2004.05.04"]

1. e4 c5 2. Nf3 Nc6 3. d4 cxd4 4. Nxd4 d5 5. Nb5 dxe4 6. Qxd8+ Kxd8 7. Be3 Nf6 8. Nd2 Bd7 9. O-O-O Nd5 10. Nxe4 Nxe3 11. fxe3 Kc8 12. Be2 g6 13. Rhf1 Bf5 14. Ng3 Be6 15. Nd4 Nxd4 16. exd4 Bh6+ 17. Kb1 f5 18. Bf3 Rb8 19. Rfe1 Kd7 20. Ne2 Rhc8 21. b3 Be3 22. g3 g5 23. d5 Bf7 24. Nd4 Bxd4 25. Rxd4 Rc3 26. Be2 Bg6 27. Kb2 Rbc8 28. Bc4 Rf3 29. d6 exd6 30. Be6+ Kd8 31. Rxd6+ Kc7 32. Rd7+ Kb6 33. Bd5 Rf2 34. Re6+ Ka5 35. Ka3 Rc3 36. Bxb7 1-0

[Event "Budapest FS11 IM-A"]
[Site "Budapest HUN"]
[Date "1993.??.??"]
[Round "9"]
[White "Szalanczy, Emil"]
[Black "Szabolcsi, Janos"]
[Result "1-0"]
[WhiteElo "2365"]
[BlackElo "2385"]
[PlyCount "65"]
[EventDate "1993.11.??"]
[Source "www.chesslib.no"]
[SourceDate "2004.05.04"]

1. e4 c5 2. Nf3 Nc6 3. d4 cxd4 4. Nxd4 d5 5. Nb5 dxe4 6. Qxd8+ Kxd8 7. Be3 f5 8. N1c3 Nf6 9. O-O-O+ Bd7 10. Bc4 Kc8 11. Rxd7 Nxd7 12. Rd1 Nd8 13. Nxa7+ Rxa7 14. Bxa7 e6 15. Na4 Be7 16. Nb6+ Nxb6 17. Bxb6 Re8 18. a4 Bg5+ 19. Kb1 Nf7 20. Bb5 Re7 21. g3 Bf6 22. a5 Be5 23. a6 bxa6 24. Bxa6+ Kb8 25. c4 Bd6 26. Kc2 e5 27. b4 Bc7 28. Bxc7+ Kxc7 29. c5 Nd8 30. b5 Ne6 31. Rd6 Nd4+ 32. Kc3 Re8 33. b6+ 1-0

[Event "Saint Lo IM 2nd"]
[Site "Saint Lo"]
[Date "2001.07.13"]
[Round "7"]
[White "Mullon, Jean Baptiste"]
[Black "Todorov, Todor"]
[Result "0-1"]
[WhiteElo "2311"]
[BlackElo "2432"]
[PlyCount "76"]
[EventDate "2001.07.07"]
[Source "ChessBase"]
[SourceDate "2001.09.11"]

1. e4 c5 2. Nf3 Nc6 3. d4 cxd4 4. Nxd4 d5 5. exd5 Qxd5 6. Be3 e6 7. Nc3 Bb4 8. Ndb5 Qe5 9. a3 Be7 10. Qd2 a6 11. f4 Qb8 12. Nd4 Bd7 13. O-O-O Nf6 14. Be2 O-O 15. g4 Nxd4 16. Bxd4 Bc6 17. Be5 Qc8 18. Rhe1 b5 19. g5 Rd8 20. Qe3 Nd5 21. Nxd5 Bxd5 22. Bd3 Qc6 23. Qh3 g6 24. Re3 Bg2 25. Qg4 Rac8 26. Rd2 Bc5 27. Rg3 Be4 28. Qh4 Bf5 29. Kb1 Bd4 30. Bxf5 Bxe5 31. Bd3 Bxb2 32. Bxg6 Bg7 33. Qxh7+ Kf8 34. Be4 Qc5 35. Rxd8+ Rxd8 36. Rd3 Qg1+ 37. Ka2 Qa1+ 38. Kb3 Qb2# 0-1

[Event "Mar del Plata-ch KO"]
[Site "?"]
[Date "2001.11.19"]
[Round "4.1"]
[White "Rosito Jorge"]
[Black "Cristobal Ruben"]
[Result "1-0"]
[WhiteElo "2400"]
[BlackElo "2342"]
[PlyCount "55"]
[EventDate "2001.??.??"]
[Source "www.chesslib.no"]
[SourceDate "2004.05.04"]

1. e4 c5 2. Nf3 Nc6 3. d4 cxd4 4. Nxd4 d5 5. Nxc6 bxc6 6. exd5 Qxd5 7. Qe2 e6 8. Nc3 Bb4 9. Bd2 Bxc3 10. Bxc3 Nf6 11. Rd1 Qf5 12. Qc4 O-O 13. Bd3 Qg5 14. O-O Rb8 15. Rfe1 Nd5 16. Re5 f5 17. h4 Qg6 18. Be2 Rb6 19. Bf3 Ba6 20. Qc5 Nf4 21. Rd7 Rb7 22. Rxb7 Bxb7 23. Qb4 Nh3+ 24. Kh2 Nxf2 25. Qxb7 Qh6 26. Kg1 Ne4 27. Bxe4 Qe3+ 28. Kh2 1-0

[Event "Capablanca mem-C"]
[Site "?"]
[Date "1994.??.??"]
[Round "9"]
[White "Mendez Eduardo"]
[Black "Medina Miguel"]
[Result "0-1"]
[WhiteElo "2365"]
[BlackElo "2375"]
[PlyCount "90"]
[EventDate "1994.??.??"]
[Source "www.chesslib.no"]
[SourceDate "2004.05.04"]

1. e4 c5 2. Nf3 Nc6 3. d4 cxd4 4. Nxd4 d5 5. Nxc6 bxc6 6. exd5 Qxd5 7. Qxd5 cxd5 8. Bf4 f6 9. Nc3 Bb7 10. Bg3 e5 11. O-O-O O-O-O 12. Bd3 Bc5 13. a3 Ne7 14. b4 Bd4 15. Na4 Bc6 16. b5 Bb7 17. Rhe1 Kb8 18. c3 Bb6 19. Nxb6 axb6 20. Kb2 Rhe8 21. Bxh7 g6 22. f4 Rh8 23. fxe5 f5 24. e6+ Kc8 25. Bxg6 Nxg6 26. e7 Rde8 27. Re6 Rhg8 28. c4 f4 29. Bf2 Rxe7 30. cxd5 Bxd5 31. Rxe7 Nxe7 32. Bxb6 Rxg2+ 33. Kc3 Re2 34. Rd2 Re4 35. Rd4 Re6 36. Bc5 f3 37. Rf4 Ng6 38. Rf5 Be4 39. Rf7 Re5 40. Kb4 Bd5 41. Rf6 Re4+ 42. Ka5 Ne5 43. Bf2 Bb3 44. b6 Kb7 45. Bg3 Ba4 0-1

[Event "TCh-NOR"]
[Site "Asker"]
[Date "2003.05.31"]
[Round "4"]
[White "Heim, Sverre"]
[Black "Bern, Ivar"]
[Result "1/2-1/2"]
[WhiteElo "2399"]
[BlackElo "2339"]
[PlyCount "43"]
[EventDate "2003.05.28"]
[Source "Roberto Alvarez"]
[SourceDate "2003.06.30"]

1. e4 c5 2. Nf3 Nc6 3. d4 cxd4 4. Nxd4 d5 5. Nxc6 bxc6 6. exd5 Qxd5 7. Nc3 Qxd1+ 8. Nxd1 e5 9. Bc4 Bc5 10. O-O Ne7 11. Re1 Ng6 12. Be3 Bb6 13. a4 Ke7 14. a5 Bxe3 15. Nxe3 Rd8 16. Rad1 Be6 17. g3 f6 18. f3 Rxd1 19. Rxd1 Bxc4 20. Nxc4 Rd8 21. Rxd8 Kxd8 22. Kf2 1/2-1/2

[Event "It"]
[Site "Budapest HUN"]
[Date "1981.??.??"]
[Round "2"]
[White "Silva, Marco COL"]
[Black "Szabolcsi, Janos"]
[Result "1/2-1/2"]
[WhiteElo "2285"]
[BlackElo "2450"]
[PlyCount "110"]
[EventDate "1981.??.??"]
[Source "www.chesslib.no"]
[SourceDate "2004.05.04"]

1. e4 c5 2. Nf3 Nc6 3. d4 cxd4 4. Nxd4 d5 5. Bb5 dxe4 6. Nxc6 Qxd1+ 7. Kxd1 a6 8. Nc3 axb5 9. Nd4 Bg4+ 10. Ke1 O-O-O 11. Be3 e5 12. Ndxb5 f5 13. h3 Bh5 14. g4 fxg4 15. Bb6 Rd7 16. Nxe4 Nf6 17. Ng3 Bg6 18. hxg4 Nxg4 19. Ke2 Be7 20. a4 Nf6 21. Rh4 e4 22. a5 Nd5 23. Rg4 h5 24. c4 hxg4 25. cxd5 Bg5 26. d6 Bf7 27. Ra4 Re8 28. Bc7 Rxc7 29. dxc7 Bf4 30. Rd4 Be5 31. Nd6+ Kd7 32. Nxe8+ Bxd4 33. c8=Q+ Kxc8 34. Nd6+ Kd7 35. Nxf7 Bxb2 36. Nxe4 Ba3 37. Ne5+ Ke6 38. Nc4 Bb4 39. Kd3 Kf5 40. Ned6+ Kf4 41. Ne4 Kf3 42. Ne5+ Kf4 43. Nc6 Be1 44. Ke2 Bxa5 45. Nxa5 Kxe4 46. Nxb7 Kf4 47. Nc5 g3 48. Nd3+ Kg4 49. f3+ Kh3 50. Ne1 g2 51. Kf2 g1=Q+ 52. Kxg1 Kg3 53. Kf1 g5 54. Ke2 g4 55. fxg4 Kxg4 1/2-1/2

[Event "Alicante"]
[Site "Alicante"]
[Date "1978.??.??"]
[Round "5"]
[White "Martin Gonzalez, Angel"]
[Black "Hernando Pertierra, Jose C"]
[Result "1/2-1/2"]
[WhiteElo "2390"]
[BlackElo "2340"]
[PlyCount "115"]
[EventDate "1978.03.??"]
[Source "ChessBase"]

1. e4 c5 2. Nf3 Nc6 3. d4 cxd4 4. Nxd4 d5 5. exd5 Qxd5 6. Be3 e6 7. Nc3 Bb4 8. Qd2 Nge7 9. Nxd5 Bxd2+ 10. Bxd2 Nxd5 11. Nxc6 bxc6 12. c4 Ne7 13. O-O-O e5 14. Re1 Ng6 15. f4 O-O 16. fxe5 Re8 17. Bc3 c5 18. Bd3 Bb7 19. Be4 Bxe4 20. Rxe4 Rad8 21. Rhe1 Nf8 22. Rd1 Rxd1+ 23. Kxd1 f5 24. Re2 Rd8+ 25. Kc2 Ne6 26. a3 g5 27. b4 Kf7 28. b5 f4 29. a4 g4 30. a5 Kg6 31. Rd2 Rf8 32. Rd6 Kf5 33. Kd3 Rf7 34. a6 h5 35. Be1 Rg7 36. Bh4 f3 37. gxf3 gxf3 38. Ke3 Rg4 39. Bf2 Rxc4 40. Kxf3 Rc3+ 41. Ke2 Rb3 42. Rd7 Rxb5 43. Rxa7 Rb2+ 44. Kd1 Kxe5 45. Bg3+ Kd5 46. Ra8 Ra2 47. a7 h4 48. Bxh4 Nc7 49. Rd8+ Kc4 50. Bg3 Rxa7 51. h4 Nd5 52. Ke2 Rf7 53. Rc8 Nb6 54. Rc6 Kb5 55. Re6 Nd5 56. Rd6 Nc3+ 57. Ke3 Re7+ 58. Kf3 1/2-1/2

[Event "HUN-chT2"]
[Site "HUN"]
[Date "1993.??.??"]
[Round "?"]
[White "Magyar, Otto"]
[Black "Ezsol, Miklos"]
[Result "0-1"]
[WhiteElo "2390"]
[BlackElo "2340"]
[PlyCount "82"]
[EventDate "1993.??.??"]
[Source "www.chesslib.no"]
[SourceDate "2004.05.04"]

1. e4 c5 2. Nf3 Nc6 3. d4 cxd4 4. Nxd4 d5 5. Bb5 dxe4 6. Nxc6 Qxd1+ 7. Kxd1 a6 8. Ba4 Bd7 9. Nc3 Bxc6 10. Bxc6+ bxc6 11. Nxe4 e5 12. Re1 O-O-O+ 13. Bd2 Be7 14. Re2 Nh6 15. Ke1 Nf5 16. Bc3 f6 17. Nd2 Bc5 18. Nb3 Bb6 19. Bb4 Rd7 20. Bc5 Kc7 21. Re4 Rb8 22. Ra4 Rd5 23. Bxb6+ Kxb6 24. c4 Rdd8 25. Rb4+ Ka7 26. Rxb8 Rxb8 27. Rd1 Nd4 28. Nxd4 exd4 29. Rxd4 Rxb2 30. Rd7+ Kb6 31. Rxg7 Rxa2 32. Rxh7 a5 33. g4 a4 34. Rh8 Kc5 35. h4 Rc2 36. g5 fxg5 37. hxg5 a3 38. Ra8 a2 39. f4 Rc1+ 40. Kf2 a1=Q 41. Rxa1 Rxa1 0-1

[Event "SWE-ch"]
[Site "Stockholm"]
[Date "1977.??.??"]
[Round "?"]
[White "Wedberg, Tom"]
[Black "Ekstroem, Roland"]
[Result "1-0"]
[WhiteElo "2350"]
[BlackElo "2350"]
[PlyCount "51"]
[EventDate "1977.07.03"]
[Source "ChessBase"]

1. e4 c5 2. Nf3 Nc6 3. d4 cxd4 4. Nxd4 d5 5. Nxc6 bxc6 6. exd5 Qxd5 7. Qe2 e6 8. Nc3 Qa5 9. Qf3 Bb7 10. Bd3 Nf6 11. O-O Qh5 12. Qg3 O-O-O 13. Bf4 Qg4 14. Qe3 Nd5 15. Nxd5 Rxd5 16. h3 Qh4 17. Be4 Bc5 18. Qf3 Rd4 19. g3 Qxh3 20. Bxc6 Ba6 21. Bb5 Bb7 22. Ba6 Bxa6 23. Qc6+ Kd8 24. Qxc5 Rxf4 25. Rfd1+ Ke8 26. Qc7 1-0

[Event "16. Open"]
[Site "?"]
[Date "2005.07.12"]
[Round "5"]
[White "Crepan Marjan"]
[Black "Barle Janez"]
[Result "1/2-1/2"]
[WhiteElo "2288"]
[BlackElo "2408"]
[PlyCount "49"]
[EventDate "2005.??.??"]
[Source "www.chesslib.no"]
[SourceDate "2004.05.04"]

1. e4 c5 2. Nf3 Nc6 3. d4 cxd4 4. Nxd4 d5 5. Bb5 dxe4 6. Nxc6 Qxd1+ 7. Kxd1 a6 8. Nxe7+ Kxe7 9. Be2 f5 10. f3 Nf6 11. Be3 Bd7 12. Nd2 Bc6 13. Bd4 Rd8 14. c3 g6 15. Kc2 Bh6 16. Nc4 exf3 17. Bxf3 Bxf3 18. gxf3 Bf4 19. Rhe1+ Kf7 20. Be5 Bxe5 21. Nxe5+ Kg7 22. Nd3 Kf7 23. Ne5+ Kg7 24. Nd3 Kf7 25. Ne5+ 1/2-1/2

[Event "Corr"]
[Site "?"]
[Date "2003.01.25"]
[Round "?"]
[White "Preussner Michael (GER)"]
[Black "Campoy Moreno Alfonso (ESP)"]
[Result "1/2-1/2"]
[WhiteElo "2366"]
[BlackElo "2328"]
[PlyCount "91"]
[EventDate "2003.??.??"]
[Source "www.chesslib.no"]
[SourceDate "2004.05.04"]

1. e4 c5 2. Nf3 Nc6 3. d4 cxd4 4. Nxd4 d5 5. Bb5 dxe4 6. Nxc6 Qxd1+ 7. Kxd1 a6 8. Ba4 Bd7 9. Nc3 Bxc6 10. Bxc6+ bxc6 11. Nxe4 e5 12. c3 f5 13. Ng3 g6 14. Re1 Bd6 15. Kc2 O-O-O 16. Bg5 Rd7 17. Rad1 h6 18. Bc1 Nf6 19. f3 e4 20. a3 Re8 21. fxe4 Bxg3 22. hxg3 Nxe4 23. Rxd7 Kxd7 24. Bxh6 Rh8 25. Bf4 Rh2 26. Re2 g5 27. Be3 g4 28. Bf4 Rh1 29. Kb3 Rb1 30. Ka4 Kc8 31. Ka5 Kb7 32. a4 c5 33. b4 c4 34. Be5 Ka7 35. Bd4+ Kb7 36. Bg7 Ka7 37. b5 axb5 38. axb5 Kb7 39. Bd4 Kc7 40. Be5+ Kb7 41. Bf4 Ka7 42. Bc7 Rb3 43. Re3 Kb7 44. Be5 Rb2 45. Bf4 Rb1 46. Be5 1/2-1/2

[Event "It (cat.6)"]
[Site "Stara Pazova (Serbia)"]
[Date "2007.07.26"]
[Round "2"]
[White "Miljkovic Vladimir (SCG)"]
[Black "Popchev Milko (BUL)"]
[Result "0-1"]
[WhiteElo "2235"]
[BlackElo "2456"]
[PlyCount "101"]
[EventDate "2007.??.??"]
[Source "www.chesslib.no"]
[SourceDate "2004.05.04"]

1. e4 c5 2. Nf3 Nc6 3. d4 cxd4 4. Nxd4 d5 5. Bb5 dxe4 6. Nxc6 Qxd1+ 7. Kxd1 a6 8. Nd4+ axb5 9. Nxb5 Bg4+ 10. Ke1 O-O-O 11. N1c3 e5 12. h3 Bh5 13. Be3 f5 14. g4 fxg4 15. Nxe4 Nf6 16. hxg4 Bxg4 17. Rh4 h5 18. Ng5 Nd5 19. Nf7 Bb4+ 20. c3 Nxe3 21. fxe3 Bc5 22. Nxd8 Rxd8 23. Rxg4 hxg4 24. Ke2 Rh8 25. b4 Be7 26. Rg1 Rh4 27. a4 Kd7 28. Kd3 Bg5 29. Ke4 Bh6 30. Kf5 Rh5+ 31. Kg6 Rg5+ 32. Kf7 Rf5+ 33. Kg6 Rf6+ 34. Kh5 Ke6 35. Rxg4 Rf3 36. e4 Kf7 37. Nd6+ Kg8 38. Nf5 Kh7 39. Rg3 Rf4 40. Nxh6 gxh6 41. Rd3 Kg7 42. Rd7+ Kf6 43. Rxb7 Rxe4 44. a5 Re1 45. a6 Kf5 46. Kxh6 e4 47. a7 Ra1 48. Rb5+ Kf6 49. Rb6+ Kf5 50. Rb5+ Kf6 51. Kh5 0-1

[Event "Corr"]
[Site "?"]
[Date "2003.01.25"]
[Round "?"]
[White "Danzanvilliers Patrice (FRA)"]
[Black "Campoy Moreno Alfonso (ESP)"]
[Result "1/2-1/2"]
[WhiteElo "2362"]
[BlackElo "2328"]
[PlyCount "90"]
[EventDate "2003.??.??"]
[Source "www.chesslib.no"]
[SourceDate "2004.05.04"]

1. e4 c5 2. Nf3 Nc6 3. d4 cxd4 4. Nxd4 d5 5. exd5 Qxd5 6. Be3 Nf6 7. Nc3 Qa5 8. Qf3 Bd7 9. Nxc6 bxc6 10. Bc4 Qb4 11. Bb3 e6 12. h3 Bc5 13. a3 Qa5 14. Bd2 Qc7 15. O-O O-O 16. Rad1 Bd6 17. Bg5 Bh2+ 18. Kh1 Be5 19. Rfe1 Nd5 20. Ne4 Bc8 21. c4 Ne7 22. Be3 Rb8 23. Bc5 Ba6 24. Ng5 h6 25. Bxe7 Qxe7 26. Rxe5 hxg5 27. Ra5 Bb7 28. c5 Bc8 29. Rd6 a6 30. Ra4 Rb5 31. Qe3 Qf6 32. Rd2 a5 33. Rg4 g6 34. Ba4 Rxb2 35. Rxb2 Qxb2 36. Bxc6 Rd8 37. Rxg5 Rd2 38. Rg4 Rxf2 39. Rd4 Re2 40. Rd8+ Kg7 41. Qf4 Ba6 42. Bf3 Re1+ 43. Kh2 Qc1 44. Qxc1 Rxc1 45. Ra8 Bd3 1/2-1/2

[Event "Budapest FS02 IM-B"]
[Site "Budapest"]
[Date "2000.02.14"]
[Round "10"]
[White "Sikula, Vaszilij"]
[Black "Antal, Gergely"]
[Result "1/2-1/2"]
[WhiteElo "2346"]
[BlackElo "2339"]
[PlyCount "103"]
[EventDate "2000.02.05"]
[Source "ChessBase"]
[SourceDate "2000.03.10"]

1. e4 c5 2. Nf3 Nc6 3. d4 cxd4 4. Nxd4 d5 5. Bb5 dxe4 6. Nxc6 Qxd1+ 7. Kxd1 a6 8. Ba4 Bd7 9. Nc3 Bxc6 10. Bxc6+ bxc6 11. Nxe4 e5 12. f4 f5 13. Ng3 O-O-O+ 14. Ke2 g6 15. fxe5 Bg7 16. Bf4 Ne7 17. Rad1 Nd5 18. Bg5 Rde8 19. c4 Nc7 20. Bc1 Bxe5 21. Kf2 Ne6 22. Rhe1 Nc5 23. Kf3 h5 24. b4 Na4 25. Rd2 h4 26. Rde2 hxg3 27. hxg3 Nc3 28. Rxe5 Rxe5 29. Rxe5 Rh1 30. Bf4 Rf1+ 31. Ke3 Nxa2 32. b5 axb5 33. cxb5 Re1+ 34. Kd4 Rxe5 35. Kxe5 cxb5 36. Kf6 Kd7 37. Be5 b4 38. Ba1 Nc3 39. Kxg6 Ke6 40. Kg5 Ne4+ 41. Kf4 Nf6 42. Bb2 Ng4 43. Bd4 b3 44. Ba1 Nf2 45. Ke3 Ng4+ 46. Kf4 Nf6 47. Bb2 Nd5+ 48. Kf3 Nb4 49. g4 f4 50. g3 Nd3 51. Ba1 fxg3 52. Kxg3 1/2-1/2

[Event "Warsaw"]
[Site "?"]
[Date "1999.??.??"]
[Round "?"]
[White "Dworakowski Lukasz"]
[Black "Wiech Grzegorz"]
[Result "1/2-1/2"]
[WhiteElo "2355"]
[BlackElo "2330"]
[PlyCount "129"]
[EventDate "1999.??.??"]
[Source "www.chesslib.no"]
[SourceDate "2004.05.04"]

1. e4 c5 2. Nf3 Nc6 3. d4 cxd4 4. Nxd4 d5 5. Nxc6 bxc6 6. exd5 Qxd5 7. Nc3 Qxd1+ 8. Nxd1 Bf5 9. Bf4 Bxc2 10. Ba6 Be4 11. Nc3 Bxg2 12. Rg1 Bh3 13. Bb7 Rd8 14. Bc7 Rd4 15. Bxc6+ Bd7 16. Be5 Rc4 17. Bxd7+ Kxd7 18. O-O-O+ Ke8 19. Rd4 Rxd4 20. Bxd4 a6 21. Rg5 h5 22. Rc5 Kd7 23. Rd5+ Kc8 24. Rc5+ Kd7 25. Be3 e5 26. Ra5 Bb4 27. Rxa6 Bxc3 28. bxc3 Nf6 29. f3 Rc8 30. Kb2 Nd5 31. Bd2 Rc6 32. Rxc6 Kxc6 33. c4 Ne7 34. Be3 f5 35. Kc3 Ng6 36. Bf2 Nf4 37. Be3 Ng2 38. Bf2 g5 39. a4 Nf4 40. a5 Kb7 41. Bb6 h4 42. Kd2 h3 43. Ke3 Ne6 44. Kd3 Nd4 45. Ke3 g4 46. fxg4 fxg4 47. Kf2 Nf5 48. Bc5 e4 49. Bb4 e3+ 50. Kg1 Ka6 51. Be1 Nd4 52. Kf1 e2+ 53. Kf2 Nf3 54. Bb4 Nxh2 55. Kxe2 Nf3 56. Kf2 Ng5 57. Kg3 Ne4+ 58. Kh2 Kb7 59. Be1 Nd6 60. Bg3 Nxc4 61. Bf4 Nb2 62. Kg3 Nd3 63. Bd6 Kc6 64. Kxg4 Kxd6 65. Kxh3 1/2-1/2